000 00836nam a2200277Ia 4500
003 OSt
005 20221005062354.0
006 a|||||r|||| 00| 0
007 ta
008 221004b |||||||| |||| 00| 0 eng d
020 _a9780367898373 (hbk)
_cINR 995.00
024 _a65979
037 _b1806, 17/02/2020, Bright Book Service
_cTextual
040 _aCRL
_cCRL
_beng
041 _2eng
_aeng
082 _aY15:1, R0
100 _aRay Panchali Ed.
_9601758
245 0 _aWomen speak nation
_b gender, culture, and politics
260 _aLondon
_bRoutledge UK
_c2020
300 _axii,230p.
_ccm.
490 _aSouth asian history and culture
650 _a WOMEN
650 _aCULTURE
942 _hY15:1, R0
_cTEXL
_2cc
999 _c969591
_d969591